| 000 | 00612nam a22002177a 4500 | ||
|---|---|---|---|
| 003 | OSt | ||
| 005 | 20140311163201.0 | ||
| 008 | 121110t xxu||||| |||| 00| 0 eng d | ||
| 020 | _a9780439746380 | ||
| 050 |
_aPZ 7 _b.Ap655 2006 |
||
| 100 |
_aApte, Sunita. _923132 |
||
| 245 |
_aRide the whale : _ba surfer tall tale / _cSunita Apte, illustrated By: Kyle Reed. |
||
| 260 |
_aNew York : _bScholastic Inc., _cc2006. |
||
| 300 |
_a16 p. : _bill. col. ; _c23 cm. |
||
| 521 |
_aG2 _bLexile |
||
| 526 | _c350 | ||
| 650 |
_aWhale _xJuvenile Fiction _923170 |
||
| 942 |
_2lcc _cBK |
||
| 999 |
_c42501 _d42501 |
||